Konvertita z Jaffy / Marek Hłasko ; [z polského originálu ... přeložil Jindřich Vacek]
Record details
- ISBN: 80-7203-263-1
- Physical Description: 104 s. ; 21 cm
- Edition: Vyd. 1.
- Publisher: Praha : Argo, 2000
Search for related items by subject
| Genre: | polské novely Short stories, Polish |
Available copies
- 1 of 1 copy available at Common Catalog SPOK.
Holds
- 0 current holds with 1 total copy.
Show Only Available Copies
| Location | Call Number / Copy Notes | Barcode | Shelving Location | Status | Due Date |
|---|---|---|---|---|---|
| The Jewish community of Prague | K 2296 | 4638301456 | K - Beletrie | Available | - |
| LDR | 00989cam a2200313 a 4500 | ||
|---|---|---|---|
| 001 | 53259 | ||
| 003 | CZ-PrJAB | ||
| 005 | 20070216095651.0 | ||
| 007 | tu | ||
| 008 | 000818s2000 xr e 000 j cze | ||
| 015 | . | ‡acnb000886276 | |
| 020 | . | ‡a80-7203-263-1 ‡q(váz.) : ‡cKč 169,00 | |
| 035 | . | ‡a(CZ PrNK)cpk20010886276 | |
| 035 | . | ‡a(OCoLC)50955764 | |
| 040 | . | ‡aOSA001 ‡bcze ‡dABA001 | |
| 041 | 1 | . | ‡acze ‡hpol |
| 072 | 7. | ‡a821.162.1 ‡xPolská literatura ‡2Konspekt ‡925 | |
| 080 | . | ‡a821.162.1-32 ‡2MRF | |
| 100 | 1 | . | ‡aHłasko, Marek, ‡d1934-1969 ‡7jo20000076527 ‡4aut |
| 245 | 1 | 0. | ‡aKonvertita z Jaffy / ‡cMarek Hłasko ; [z polského originálu ... přeložil Jindřich Vacek] |
| 250 | . | ‡aVyd. 1. | |
| 260 | . | ‡aPraha : ‡bArgo, ‡c2000 | |
| 300 | . | ‡a104 s. ; ‡c21 cm | |
| 655 | 7. | ‡apolské novely ‡7fd133081 ‡2czenas | |
| 655 | 9. | ‡aShort stories, Polish ‡2eczenas | |
| 700 | 1 | . | ‡aVacek, Jindřich, ‡d1955- ‡7jn99240001228 ‡4trl |
| 765 | 0 | . | ‡tNawrócony w Jaffie ‡9Česky |
| 910 | . | ‡aABE461 | |
| 995 | . | ‡aska | |
| 901 | . | ‡a53259 ‡bAUTOGEN ‡c53259 ‡tbiblio | |